007310000a22002770004500500002800000650001800028650002200046650002400068650001300092650001200105650001500117650001500132651002000147651002100167650002000188082002000208518001300228530000800241100001900249245007800268260002100346502006000367260000900427300000900436041000800445 aBibliography at the end aEthnic groups aSocial conditions aEconomic conditions aReligion aCulture aOccupation aLivelihood aKhairenitar VDC aTanahun District aKumal community a306.8bM379scD a20040430 aDis aMaskey, Manjal aSocio-economic condition of Kumal; a case study of Khairenitar VDC, Nepal aKathmandu, Nepal aDissertationbDegree in Sociology, Tribhuvan University c2002 a46p. aEng